|
|
|
|
| LEADER |
00000nam a22000007a 4500 |
| 005 |
20201023133424.0 |
| 007 |
cr|||| ||| |
| 008 |
201023s2020 co |||||s|||| 00||0 spa d |
| 020 |
|
|
|a 978-958-760-224-1
|
| 035 |
|
|
|a 32120
|
| 040 |
|
|
|a vLex
|
| 090 |
|
|
|c 10792
|d 10792
|
| 100 |
1 |
|
|a Hernǹdez Arteaga, Isabel
|
| 245 |
1 |
0 |
|a Economa̕ social y solidaria en la educacin̤ superior
|h [Recurso electrn̤ico] :
|b n espacio para la innovacin̤ /
|c Isabel Hernǹdez Arteaga, Colombia Přez Muǫz
|n Tomo 2
|
| 256 |
|
|
|a Servicio en ln̕ea
|
| 260 |
|
|
|a Medelln̕:
|b Universidad Cooperativa de Colombia,
|c 2020
|
| 300 |
|
|
|a 1 recurso electrn̤ico
|
| 500 |
|
|
|a El segundo tomo de la coleccin̤ Economa̕ social y solidaria en la educacin̤ superior: un espacio para la innovacin̤ aborda temas relacionados con los modelos y enfoques pedagg̤icos. Aqu ̕se da relevancia a la reflexin̤ epistemolg̤ica que subyace en las disciplinas y se incluye la economa̕ social y solidaria como objeto de estudio que permite responder a la crisis de la civilizacin̤. Se incluyen tambiň procesos en el aula que suscitan vn̕culos con la investigacin̤ formativa y las metodologa̕s activas. Se exponen desarrollos curriculares que muestran un potencial para promover la retencin̤ y graduacin̤ de estudiantes a travš del cooperativismo. Tambiň se muestra cm̤o este modelo socioeconm̤ico y ambiental es la base de un ejercicio de integracin̤ e interaccin̤ con la sociedad a partir de un programa de reciclaje y manejo de residuos. Adems̀, se presenta la buena prc̀tica del tecnopolo o parque tecnolg̤ico de la Universidad pb︢lica de Yaund ̌II (Camern︢), donde, a travš de la economa̕ social y solidaria, confluyen la docencia, la investigacin̤ y la proyeccin̤ social para el beneficio de la comunidad y la universidad. Palabras clave: academia, dil̀ogo de saberes, economa̕ solidaria, educacin̤ superior, estrategias pedagg̤icas.
|
| 506 |
1 |
|
|a Disponible solo en los productos indicados
|d vLex Global
|d vLex Global (Academic Edition, excluding Law Schools)
|d vLex Global (U.S. Academic Edition, Law Schools)
|d vLex Global (U.S. Academic Edition, excluding Law Schools)
|d vLex Global (Academic Edition, Law Schools)
|
| 650 |
0 |
4 |
|a Educacin̤
|z Colombia
|
| 650 |
0 |
4 |
|a Economa̕ y negocios
|z Colombia
|
| 700 |
1 |
|
|a Přez Muǫz, Colombia
|
| 740 |
0 |
|
|a vLex Libros (Servicio en ln̕ea)
|
| 856 |
4 |
0 |
|u http://vlex.com/source/economia-social-y-solidaria-en-la-educacion-superior-un-espacio-para-la-innovacion-tomo-2-32120
|z Acceso restringido
|
| 942 |
|
|
|c BOOK
|
| 999 |
0 |
|
|a Education
|
| 999 |
0 |
|
|a Economy and business
|